| 000 | 01053cam a2200241 4500 | ||
|---|---|---|---|
| 001 | WB3824-17 | ||
| 008 | 020702n2002 000 0 eng u | ||
| 035 | _a(Sirsi) u118629 | ||
| 245 | _aRural land register goes live | ||
| 260 | _c2002 | ||
| 490 |
_aNFU Business _v(124) July 2002, 12(1) |
||
| 520 | _aThe first stage of a new programme to link 1.7m IACS registered fields in England to a digital Ordnance Survey map of actual land will go live once the Rural Payments Agency (RPA) has obtained the agreement of the appropriate landowners or occupiers. The RPA is required to carry out the mapping process under EU law and government risks legal action if the project is not finished by 1 January 2005. RPA at http://www.rpa.gov.uk. | ||
| 590 | _aWB | ||
| 650 | _aORDNANCE SURVEY | ||
| 650 | _aDIGITAL MAPPING | ||
| 650 | _aRURAL PAYMENTS AGENCY | ||
| 650 | _aREGISTERED LAND | ||
| 650 | _aRURAL LAND | ||
| 650 | _aFIELDS | ||
| 650 | _aINTEGRATED ADMINISTRATION AND CONTROL SYSTEM | ||
| 690 | _aMAPPING AND MEASUREMENT | ||
| 942 | _n0 | ||
| 999 |
_c70643 _d70643 |
||